=LDR 00000nam 2200000 4500 =001 INLIS000000000045926 =990 ##$$a 21422267 =990 ##$$a 21422267 =005 20150212082141.0 =990 ##$$a 21422268 =990 ##$$a 21422268 =006 =990 ##$$a 21422269 =990 ##$$a 21422269 =007 =990 ##$$a 21422270 =990 ##$$a 21422270 =008 =990 ##$$a 21422271 =990 ##$$a 21422271 =020 ##$$a 978-602-8063-30.2 =035 ##$$0010-021500000000486 =040 ##$$a NBPDMAT =082 ##$$a 794.1 =090 ##$$a 794.1 $b Und t =100 ##$$a Undi Harun R =245 ##$$a Teori Bermain Catur $c Oleh Undi Harun R. =260 ##$$a Jakarta $b Adfale Prima Cipta $c 2008 =300 ##$$a 64 hlm. : $b ilus. ; $c 24 cm. =500 ##$$a Bibliografi : hlm. 63. =650 ##$$a Catur =850 ##$$a NBPDMAT =990 ##$$a 0001/BPAP-NTB/20142015 =990 ##$$a 0001/BPAP-NTB/20142015 =990 ##$$a 0001/BPAP-NTB/20142015 =990 ##$$a 0001/BPAP-NTB/20142015 =990 ##$$a 0001/BPAP-NTB/20142015